Chemistry - Statistics

General Stats
  • This quiz has been taken 449 times
  • The average score is 46 of 120
Answers on the Grid
Answers color-coded by a green-red scale on the quiz's grid according to % correct below.
Inorganic chemistry
Organic chemistry
Periodical Table
Atoms
Molar Mass
Limiting Reactant
Excess Reactant
Stoichiometry
Element / Elements
Noble Gas
Halogen
Alkaline earth metal
Addition reaction
Alkali metal
Percent composition
Protons
Electrons
Neutrons
Marie Curie
John Dalton
Avogadro's number
Biochemistry
Central atom
PH scale
Litmus paper
PH paper
Amedeo Avogadro
Compound
Homogeneous mixture
Heterogeneous mixture
Ion
Matter
Chemical formula
Empirical formula
Molecular formula
Structural formula
Chemical reaction
Physical change
Chemical change
Molarity
Molecular
Molecule
Particle
Ionic
Anion
Cation
Polyatomic
Buret
Test tube
Pipet
Crucible
Bunsen burner
Robert Bunsen
Antoine Lavoisier
Jöns Jacob Berzelius
Ionic bonding
Dmitri Mendeleev
Chemical bond
Alfred Nobel
Ionic formula
Gravity
Chromosomes
DNA
Atmosphere
Tendinitis / Tendonitis
Isaac Newton
Hormone / Hormones
Ulna
Neurons
Richter scale
Clavical
Mitochondria
Magnetic field
Evolution
Small intestine / Large intestine
Charles Darwin
Galileo Galilei
Albert Einstein
Velocity
Mitosis
Zygote
Deep vein thrombosis
Big Bang theory
Meiosis
Lava
Aorta
Pacemaker
Hemogloubin
Plate tectonics
Fossils
Continental drift
Ice age
Refraction
Kinetic energy
Jerassic
Triassic
Mesozoic
Nephrostomy tube
Pace maker
Tsunami
Protein
Artery
Plasma
Photosynthesis
Chlorophyll
Homeostasis
Ribosomes
Inertia
Cholesterol
Nicolaus Copernicus
Stratosphere
Ozone
Hypothesis
Theory
Vein
Tendon
Genetics
Pulmonary embolism
Organism
Gregor Mendel
Theoretical yield
Percent yield
Actual yield
Chemical equation
Compound formula
Titration
Allotrope
Atomic theory
Robert Boyle
Atomic mass
Lawrence Bragg
Boyle's law
Hennig Brand
Willard Gibbs
Isotopes
Atomic number
Covalent
Analytical chemistry
Atomic mass unit
Bond
Charge
Chemical symbol
Dalton's law
Alloy
Chromatography
Element symbol
Atomic volume
Charles's law
Formula mass
Ionic compound
Covalent bond
Lewis structure
Madelung's rule
Graham's law
Avogadro's law
Chemistry
Ionic equation
Medicinal chemistry
Nonmetal
Molecular equation
Ionic radius
Atomic solid
Electrochemistry
Mole
Neucleus
Coulomb's law
Molecular weight
Periodic law
Reactant
Henry's law
Redox reaction
Reagent
Atomic radius
Ground chemistry
Reaction
Solvent
Molecular geometry
Hess's law
Redox titration
Electronegativity
Quantum mechanics
Tissue
Appendix
Extensor carpi ulnaris
Kidney / kidneys
Ligament
Insulin
Scientific method
Femur
Scapholunate
Cyst
Binary Stars
Erosion
Weathering
Triangular fibrocartilage complex
Lipid
Pituitary gland
Liver
Immunization
Virus
 
Answer Stats
Answer % Correct
Atoms
92%
Noble Gas
89%
Organic chemistry
89%
Protons
88%
Element / Elements
86%
Electrons
85%
Halogen
85%
Molar Mass
84%
Alkali metal
83%
Ion
83%
Neutrons
83%
PH scale
83%
Compound
78%
Alkaline earth metal
77%
Inorganic chemistry
77%
Periodical Table
77%
Chemical formula
76%
Biochemistry
75%
Chemical reaction
74%
Molecular
74%
Molecular formula
74%
Ionic
73%
Molecule
73%
Homogeneous mixture
72%
Avogadro's number
71%
Limiting Reactant
71%
Matter
71%
PH paper
71%
Stoichiometry
70%
Marie Curie
69%
Cation
68%
Chemical change
68%
Heterogeneous mixture
68%
Particle
68%
Test tube
68%
Anion
67%
Excess Reactant
67%
Ionic bonding
66%
Litmus paper
65%
Molarity
65%
Pipet
63%
Bunsen burner
62%
Physical change
62%
Addition reaction
61%
Polyatomic
61%
Chemical bond
60%
Empirical formula
60%
Structural formula
59%
Central atom
58%
John Dalton
55%
Amedeo Avogadro
54%
Ionic formula
52%
Percent composition
52%
Buret
49%
Robert Bunsen
49%
Dmitri Mendeleev
48%
Crucible
43%
Alfred Nobel
38%
Antoine Lavoisier
33%
Jöns Jacob Berzelius
25%
Chemistry
12%
Covalent bond
12%
Atomic number
11%
Atomic radius
11%
Charge
11%
Chemical symbol
11%
Element symbol
11%
Ionic compound
11%
Mole
11%
Molecular equation
11%
Solvent
11%
Atomic mass
10%
Avogadro's law
10%
Bond
10%
Electrochemistry
10%
Ground chemistry
10%
Ionic equation
10%
Ionic radius
10%
Isotopes
10%
Lewis structure
10%
Molecular weight
10%
Nonmetal
10%
Reactant
10%
Reaction
10%
Redox reaction
10%
Analytical chemistry
9%
Atomic mass unit
9%
Compound formula
9%
Covalent
9%
Electronegativity
9%
Formula mass
9%
Periodic law
9%
Reagent
9%
Titration
9%
Alloy
8%
Atomic solid
8%
Atomic theory
8%
Atomic volume
8%
Boyle's law
8%
Charles's law
8%
Chemical equation
8%
Chromatography
8%
Dalton's law
8%
Medicinal chemistry
8%
Molecular geometry
8%
Neucleus
8%
Percent yield
8%
Theoretical yield
8%
Actual yield
7%
Allotrope
7%
Hess's law
7%
Redox titration
7%
Coulomb's law
6%
Graham's law
6%
Robert Boyle
6%
Henry's law
5%
Madelung's rule
5%
Willard Gibbs
5%
Hennig Brand
4%
Lawrence Bragg
4%
No matching quizzes found
Score Distribution
Percent of People with Each Score
Percentile by Number Answered
Your Score History
You have not taken this quiz